Pedro Henríquez Ureña, antología / (Record no. 20376)

MARC details
000 -LEADER
campo de control de longitud fija 01026cam a22003011 4500
001 - NÚMERO DE CONTROL
campo de control 34732
005 - FECHA Y HORA DE LA ÚLTIMA TRANSACCIÓN
campo de control 20230410103521.0
008 - DATOS DE LONGITUD FIJA--INFORMACIÓN GENERAL
campo de control de longitud fija 770423s1992 dr a 000 0 spa
035 ## - NÚMERO DE CONTROL DEL SISTEMA
-- (DLC) 54044604
035 ## - NÚMERO DE CONTROL DEL SISTEMA
Número de control de sistema 6985375
010 ## - NÚMERO DE CONTROL DE LA BIBLIOTECA DEL CONGRESO
Número de control de LC 54044604
035 ## - NÚMERO DE CONTROL DEL SISTEMA
Número de control de sistema (OCoLC)2910163
040 ## - FUENTE DE CATALOGACIÓN
Centro catalogador/agencia de origen DLC
Centro/agencia transcriptor NmU
Centro/agencia modificador OCoLC
-- DLC
042 ## - CÓDIGO DE AUTENTICACIÓN
Código de autenticación premarc
050 14 - SIGNATURA TOPOGRÁFICA DE LA BIBLIOTECA DEL CONGRESO
Número de clasificación 118 PQ 7409
Número de ítem H519p 1992
100 2# - ENTRADA PRINCIPAL--NOMBRE DE PERSONA
Nombre de persona Henríquez Ureña, Pedro,
Fechas asociadas al nombre 1884-1946.
245 10 - MENCIÓN DEL TÍTULO
Título Pedro Henríquez Ureña, antología /
Mención de responsabilidad, etc. selección, prólogo y notas de Max Henríquez Ureña.
250 ## - MENCION DE EDICION
Mención de edición 3a ed.
260 ## - PUBLICACIÓN, DISTRIBUCIÓN, ETC.
Lugar de publicación, distribución, etc. Ciudad Trujillo :
Nombre del editor, distribuidor, etc. Librería Dominicana,
Fecha de publicación, distribución, etc. 1992.
300 ## - DESCRIPCIÓN FÍSICA
Extensión 167 p.
Otras características físicas illus.
Dimensiones 18 cm.
490 0# - MENCIÓN DE SERIE
Mención de serie Colección Pensamiento dominicano,
Designación de volumen o secuencia 4
600 20 - PUNTO DE ACCESO ADICIONAL DE MATERIA--NOMBRE DE PERSONA
Nombre de persona Henríquez Ureña, Pedro,
Fechas asociadas al nombre 1884-1946.
600 20 - PUNTO DE ACCESO ADICIONAL DE MATERIA--NOMBRE DE PERSONA
Nombre de persona Henríquez Ureña, Pedro,
Fechas asociadas al nombre 1884-1946
Subdivisión general Criticism and interpretation.
653 ## - TÉRMINO DE INDIZACIÓN--NO CONTROLADO
Término no controlado Henríquez Ureña, Pedro, 1884-1946.
700 2# - ENTRADA AGREGADA--NOMBRE PERSONAL
Nombre de persona Henríquez Ureña, Max,
Fechas asociadas al nombre 1885-
Término indicativo de función/relación ed.
942 ## - ELEMENTOS DE ENTRADA SECUNDARIOS (KOHA)
Fuente del sistema de clasificación o colocación Clasificación de Library of Congress
Tipo de ítem Koha
985 ## -
-- OCLC REPLACEMENT cdsdistr
Holdings
Estatus retirado Estado de pérdida Fuente del sistema de clasificación o colocación Estado de daño No para préstamo Colección Biblioteca de origen Biblioteca actual Ubicación en estantería Fecha de adquisición Serial enumeration / chronology Signatura topográfica completa Código de barras Visto por última vez Copia número Tipo de ítem Koha
    Clasificación de Library of Congress     Recursos Regionales Biblioteca Juan Bosch Biblioteca Juan Bosch Recursos Regionales (2do. Piso) 10/04/2023 1 118 PQ 7409 H519p 1992 00000031641 23/10/2018 1